Top 10 Spirits in each main category - Statistics

General Stats
  • This quiz has been taken 14 times
  • The average score is 17 of 60
Answer Stats
Hint Answer % Correct
1. The iconic tilted logo and a walking man (18.4m) Johnnie Walker
90%
2. 20 flavoured variants (11.2m) Absolut Vodka
70%
3. Ahoy (11.9m) Captain Morgan
70%
5. Named after the capitol city of Cuba (4.6m) Havana Club
70%
1. Most known Tennessee Whisky (13.4m) Jack Daniels
70%
1. Russian, the king of Vodka (25.6m) Smirnoff
70%
2. The ___ legacy cocktail competition (17.8m) Bacardi
60%
3. The biggest Irish Whisky (8.1m) Jameson
60%
2. Most known bourbon (10.4m) Jim Beam
50%
2. Iconic blue rectangular bottle (4.7m) Bombay Sapphire
40%
9. CC and Dry, one of the most popular canned mixer (2m) Canadian Club
40%
4. Canadian whisky named for the tour of British royals in 1930 (7.9m) Crown Royal
40%
7. A blend of more than 40 different Scotch (3m) J&B
40%
1. This brand has a 250 year history, the grandfather of tequila (7.3m) Jose Cuervo
40%
8. Famous for it's red waxed top (2.4m) Makers Mark
40%
10. Combined with 7Up, the drink is called "7 and 7" (1.9m) Seagram's 7 Crown
40%
5. Also has a whiskey on this list, with the same name (2.6m) Seagram's gin
40%
7. Swedish brand with different flavoured, colourful bottles (4.7m) Svedka
40%
3. Red stamp on a green bottle (4.5m) Tanqueray
40%
10. Co-owned by Ryan Reynolds (<1m) Aviation
30%
2. Has a foothold in Southern Europe and China (7.7m) Ballantine's
30%
6. The other Japanese whiskey company's biggest blend (3.4m) Black Nikka
30%
8. Same name as a famous Michael Jackson song (2.8m) Black & White
30%
4. Popularised the bulbed bottom to a Tequila bottle (1.7m) Don Julio
30%
1. Founded in 1769, dragon head on the bottle (6.7m) Gordons
30%
7. Known for it's floral flavour an dark elixer bottle. Premium (1.4m) Hendricks
30%
9. Made by a french group. Has a number after it's name (2.7m) Label 5
30%
2. Silver and XO Cafe are popular bottles from this company (2.8m) Patron
30%
8. One of the oldest brands in the world, named after a city in the UK (<1m) Plymouth
30%
7. Has a little hat where you put the salt for shots! (<1m) Sierra
30%
10. Has a fruit in it's name (1.1m) Appleton Estate
20%
4. Popularised the "pink gin" (3.4m) Beefeater
20%
3. Mentioned in American Dad, House of Cards and Mad Men (4.4m) Chivas Regal
20%
10. Technically a Mezcal, it lives in a green bottle (<1m) Del Maguey VIDA
20%
4. Triangular shaped bottle (4.2m) Grant's
20%
8. Has a horsehoe on the bottle (<1m) Herradurra
20%
5. Products: Classic, Wheat, Grain, Rye and Ginger Honey (8m) Hlibny Dar
20%
6. Rectangular bottle with an agave plant on the back (1.3m) Hornitos
20%
6. Spanish and medittarean style (1.5m) Larios
20%
4. Also makes a popular whiskey (10.8m) McDowell's No.1 Rum
20%
5. Translated from Japanese to English as "Glass Bottle" (5.2m) Suntory Kakubin
20%
7. Same company is Hibiki and Yamazaki (2.6m) Suntory Tory's
20%
5. "No Rules, Great Scotch" (3.3m) Williams Lawson's
20%
9. Named after the year Tequila was first aged in oak barrels (<1m) 1800 Tequila
10%
10. Blend that is the best selling in the UK (1.9m) Bells
10%
6. Pioneered the "marrying" process in Whiskey, also, Michael Fassbender (3m) Dewar's
10%
5. From the company that owns Herradura (1.4m) el Jimador
10%
7. Black and Gold packaging (1.8m) Old Port Rum
10%
9. Premium british gin, with a goose on the front (<1m) Sipsmith
10%
1. Filipino rum brand, founded in 1854 (20.5m) Tanduay
10%
4. A bison resides on the logo (9.7m) Zubrowka
10%
6. Most popular Domincan Republic rum (2.1m) Barcelo
0%
8. Potato distilled rum (1.6m) Bozkov
0%
9. Declining in popularity every year (1.5m) Contessa
0%
3. New brand, launching in 1998 (9.8m) Khortytsa
0%
9. Official sponsor of the UFC (4.3m) Nemiroff
0%
8. Very blue coloured bottles (4.3m) Pyat Ozer
0%
3. Brand owner to number 7 on this list (2.2m) Sauza
0%
10. Most known in Poland (4.2m) Soplica
0%
6. Premium Ukrainian Vodka, with a green logo (6.2m) Vodka Morosha
0%
No matching quizzes found
Score Distribution
Percent of People with Each Score
Percentile by Number Answered
Your Score History
You have not taken this quiz